000 00785nam a2200145Ia 4500
008 171212s9999 xx 000 0 und d
020 _a9781557536969
100 _aCarlson, Jake;Johnston, Lisa
245 _cCarlson, Jake;Johnston, Lisa
_aData Information Literacy
_bLibrarians, Data, and the Education of a New Generation of Researchers
260 _bPurdue University Press
_c2015
440 _aPurdue Information Literacy Handbooks
650 _aAcademic libraries -- Services to graduate students; Academic libraries -- Relations with faculty and curriculum -- United States -- Case studies; Academic libraries -- Effect of technological innovations on; Information literacy -- Study and teaching (Hi
650 _aLibrary Science
856 _uhttp://jstor.org/stable/j.ctt6wq2vh
999 _c351626
_d351626